Krajin(k)y a ich hrdinovia národné a dobové parametre etického vo filmoch Martina Šulíka

Bibliographic Details
Main Author: Štetina, Martin (Author)
Format: Article
Language:Slovak
ISSN:0037-699X
Subjects:

MARC

LEADER 00000nab a2200000 a 4500
001 vtls000769599
003 SK-MaSNL
005 20260304120748.0
008 250429c2001 xo 0 slo
015 |a SNBRB2001/10-27951 
035 |a CLN000121386 
035 |a (urnnbn)urn:nbn:sk:snk:ar-a09cie 
035 |a (uuid)fb576814-77f2-4740-a380-0aa45e0e2749 
035 |a urn:nbn:sk:snk-ab8e1h 
040 |a SNKBUCL  |b slo  |c SNKBUCL  |e AACR2 
041 0 |a slo 
044 |a xo  |c SK 
080 |a 791.44.071.1  |2 1997 
100 1 |a Štetina, Martin  |4 aut  |9 1122165 
245 1 0 |a Krajin(k)y a ich hrdinovia  |b národné a dobové parametre etického vo filmoch Martina Šulíka  |c Martin Štetina 
504 |a Res. angl. 
504 |a Bibliogr. odkazy 
600 1 7 |a Šulík, Martin,  |d 1962-  |2 snkbucl  |9 205972 
655 7 |a články z novín a časopisov  |2 snkbucl  |9 267496 
773 0 |t Slovenské divadlo  |g Roč. 49, č. 1-2 (2001), s. 97-112  |x 0037-699X 
850 |a Slovenská národná knižnica 
852 |a Slovenská národná knižnica 
954 |a odborná, vedecká literatúra pôvodná (slovenská)  |2 lita 
958 |a article9 
958 |a NB 
958 |a SK 
958 |a OND 
958 |a EUIPO 
992 |a RBX 
999 |c 2881386  |d 2883316